Security <a> new framework for analysis
Salvato in:
| Autore principale: | |
|---|---|
| Altri autori: | , |
| Natura: | Libro |
| Lingua: | inglese |
| Pubblicazione: |
Boulder
Lynne Rienner Publishers
1998
|
| Soggetti: | |
| Tags: |
Nessun Tag, puoi essere il primo ad aggiungerne!!
|
MARC
| LEADER | 00000nam$a2200000$$$4500 | ||
|---|---|---|---|
| 001 | 0035174 | ||
| 005 | 20221129101347.3 | ||
| 020 | |a 1-55587-784-2 | ||
| 041 | 0 | |a eng | |
| 044 | |a US | ||
| 245 | 1 | 0 | |a Security |b <a> new framework for analysis |c Barry Buzan, Ole Waever, Jaap de Wilde |
| 264 | 1 | |a Boulder |b Lynne Rienner Publishers |c 1998 | |
| 300 | |a 239 s. | ||
| 610 | 2 | 0 | |a bezpečnosť ekonomická |
| 610 | 2 | 0 | |a bezpečnosť environmentálna |
| 610 | 2 | 0 | |a regionalistika |
| 610 | 2 | 0 | |a vojenstvo |
| 610 | 2 | 0 | |a spoločnosť |
| 610 | 2 | 0 | |a inštitúcie verejnoprávne |
| 610 | 2 | 0 | |a politika |
| 610 | 2 | 0 | |a vzťahy hospodárske medzinárodné |
| 610 | 2 | 0 | |a analýzy |
| 610 | 2 | 0 | |a štúdie |
| 610 | 2 | 0 | |a vzťahy medzinárodné |
| 610 | 2 | 0 | |a politika medzinárodná |
| 100 | 1 | |a Buzan, Barry | |
| 700 | 1 | |a Waever, Ole | |
| 700 | 1 | |a de Wilde, Jaap | |